|
|
|
|
| LEADER |
00000nab a2200000 a 4500 |
| 001 |
vtls000677293 |
| 003 |
SK-MaSNL |
| 005 |
20260302190947.0 |
| 008 |
160314c xo 0 ukr |
| 015 |
|
|
|a SNBRA1998/11-24829
|
| 035 |
|
|
|a CLN000029462
|
| 040 |
|
|
|a SNKBUCL
|b slo
|c SNKBUCL
|e AACR2
|
| 041 |
0 |
|
|a slo
|
| 044 |
|
|
|a xo
|c SK
|
| 080 |
|
|
|a 830-3=83
|2 UDC-MRF-SK2
|
| 100 |
1 |
|
|a Hugo, Victor,
|d 1802-1885
|4 aut
|
| 245 |
1 |
0 |
|a Dvi materi
|c Viktor Hjuho
|
| 650 |
0 |
7 |
|a poviedky spoločenské francúzske
|2 snkbucl
|9 469618
|
| 773 |
0 |
|
|t Veselka
|g Roč. 47, č. 8 (1997/98), s. 8
|
| 850 |
|
|
|a Slovenská národná knižnica v Martine
|
| 852 |
|
|
|a SNK
|b KIS3GCP
|
| 958 |
|
|
|a FR
|
| 958 |
|
|
|a LX
|
| 958 |
|
|
|a RBX
|
| 999 |
|
|
|c 1435455
|d 1437385
|